[Event "Let's Play Chess!"]
[Site "http://www.queenalice.com/game.php?id=376439"]
[Date "2008.3.26"]
[Round "-"]
[White "Strogenstein"]
[Black "betochess"]
[Result "1-0"]
[WhiteElo "1792"]
[BlackElo "1345"]

1. d4 Nf6 2. Nc3 d5 3. Bg5 e6 4. e4 dxe4 5. Nxe4 Be7 6. Nxf6+ Bxf6 7. Bxf6 Qxf6
8. Nf3 b6 9. Bb5+ Bd7 10. Bd3 Nc6 11. O-O Nxd4 12. Nxd4 Qxd4 13. c3 Qd6 14. Be4
Rd8 15. Qg4 O-O 16. Qh3 f5 17. Rfd1 Qe5 18. Bc2 Qe2 19. Qd3 Qxd3 20. Rxd3 e5 21.
Rad1 Rf7 22. Ba4 1-0

[Event "Let's Play Chess!"]
[Site "http://www.queenalice.com/game.php?id=377875"]
[Date "2008.3.27"]
[Round "-"]
[White "kudd"]
[Black "Strogenstein"]
[Result "0-1"]
[WhiteElo "1528"]
[BlackElo "1821"]

1. e4 e5 2. Nf3 Nc6 3. Bc4 Nf6 4. Nc3 Bb4 5. Ng5 O-O 6. a3 Bxc3 7. bxc3 h6 8.
Nf3 Nxe4 9. Qe2 Nd6 10. Bb3 Qf6 11. c4 e4 12. c5 exf3 13. gxf3 Re8 14. Qxe8+
Nxe8 15. Rb1 Qxf3 16. Rg1 d6 17. Rg3 Qh1+ 18. Ke2 Qxh2 19. Rf3 Bg4 20. Bd5 Bxf3+
21. Bxf3 dxc5 22. c3 Qe5+ 23. Kd1 Na5 24. a4 Nd6 25. Be2 Re8 26. Bd3 Nac4 27.
Bf1 Qe1+ 28. Kc2 Qxf1 29. d3 Qxf2+ 30. Kb3 Na5+ 31. Ka3 Qc2 0-1

[Event " Let´s play"]
[Site "http://www.queenalice.com/game.php?id=378589"]
[Date "2008.3.29"]
[Round "-"]
[White "Strogenstein"]
[Black "spawnwolfwolverine"]
[Result "1-0"]
[WhiteElo "1833"]
[BlackElo "1616"]

1. e4 e5 2. Nf3 d6 3. d4 exd4 4. Nxd4 Bd7 5. Nc3 Nc6 6. Bb5 Nxd4 7. Bxd7+ Qxd7
8. Qxd4 c5 9. Qe3 g6 10. Nd5 Bg7 11. O-O Ne7 12. c3 O-O 13. Qg3 Nxd5 14. exd5 a5
15. Bf4 b6 16. Bxd6 Rfe8 17. Rfe1 Rxe1+ 18. Rxe1 Rd8 19. Bc7 Re8 20. Rxe8+ Qxe8
21. h3 b5 22. Bxa5 Qe1+ 23. Kh2 Be5 24. f4 Qxg3+ 25. Kxg3 Bd6 26. b3 g5 27. Kg4
gxf4 28. Kf5 Kg7 29. a4 bxa4 30. bxa4 h6 31. c4 f6 32. Bd8 Be5 33. a5 Kf7 34. a6
Bb8 35. Bxf6 h5 36. Be5 Ba7 37. Kg5 h4 38. Bxf4 Ke7 39. Kxh4 Kf6 40. g4 Kg6 41.
d6 Kf7 42. g5 Bb8 43. Kh5 Ke6 44. Kg6 Bxd6 45. Bxd6 Kxd6 46. a7 Ke5 47. a8=Q Kd4
48. Qd5+ Kc3 49. Qxc5 Kb3 50. Kf5 Kc3 51. Ke4 Kc2 52. Qa3 Kd2 53. Qd3+ Kc1 54.
Qe2 Kb1 55. Kd3 Ka1 56. Kc3 Kb1 57. Qb2# 1-0

[Event "Let's Play Chess!"]
[Site "http://www.queenalice.com/game.php?id=378590"]
[Date "2008.3.29"]
[Round "-"]
[White "spawnwolfwolverine"]
[Black "Strogenstein"]
[Result "0-1"]
[WhiteElo "1609"]
[BlackElo "1840"]

1. c4 e6 2. d3 Bb4+ 3. Bd2 Bxd2+ 4. Qxd2 Nf6 5. e4 b6 6. Be2 O-O 7. Nf3 Bb7 8.
O-O c5 9. a3 d5 10. b4 dxc4 11. dxc4 Nxe4 12. Qxd8 Rxd8 13. bxc5 Nxc5 14. a4 Nc6
15. Nc3 Ba6 16. Nb5 Bb7 17. h3 Ne7 18. Ne5 f6 19. Ng4 Ng6 20. Bf3 Bxf3 21. gxf3
Nd3 22. Ne3 Nh4 23. Nc7 Rac8 24. Nxe6 Nxf3+ 25. Kg2 Nd2 26. Nxd8 Nxf1 27. Kxf1
Rxd8 28. Rd1 Kf7 29. Ng2 Ke7 30. Ke2 Ne5 31. Rxd8 Kxd8 32. f4 Nxc4 33. h4 Nb2
34. f5 Nxa4 35. Nf4 Ke7 36. Ke3 Kf7 37. Kd4 g6 38. fxg6+ hxg6 39. Nd5 g5 40.
hxg5 fxg5 41. Ke4 Kg6 42. Kf3 Kh5 43. Kg3 Nc5 44. Nf6+ Kg6 45. Ne8 a5 46. Nd6 a4
47. Nb5 Kh5 48. Kh3 g4+ 49. Kg3 Ne4+ 50. Kg2 Kh4 51. Kh2 g3+ 52. Kg2 Nd2 53. Kg1
Kh3 54. Kh1 Nf3 55. Nc3 g2# 0-1

[Event "Let's Play Chess!"]
[Site "http://www.queenalice.com/game.php?id=382142"]
[Date "2008.4.5"]
[Round "-"]
[White "dida"]
[Black "Strogenstein"]
[Result "1-0"]
[WhiteElo "1339"]
[BlackElo "1786"]

1. e4 e5 2. a3 Nf6 3. Nc3 d5 4. exd5 Nxd5 5. Nxd5 Qxd5 6. Qe2 Bd6 7. d3 b6 8.
Nf3 O-O 9. c4 Qe6 10. Ng5 Qg6 11. h4 h6 12. Ne4 Nc6 13. h5 1-0

[Event "Another game"]
[Site "http://www.queenalice.com/game.php?id=382416"]
[Date "2008.4.5"]
[Round "-"]
[White "kudd"]
[Black "Strogenstein"]
[Result "0-1"]
[WhiteElo "1544"]
[BlackElo "1849"]

1. e4 e5 2. Qh5 Nc6 3. Qf3 Nd4 4. Qe3 Nxc2+ 5. Kd1 Nxe3+ 6. dxe3 d5 7. Nc3 dxe4+
8. Ke1 Bb4 9. Bd2 Bxc3 10. Bxc3 f6 11. Rd1 Bd7 12. Be2 Qe7 13. Bc4 O-O-O 14. Ne2
Be6 15. b3 Rxd1+ 16. Kxd1 Bxc4 17. bxc4 Qc5 18. Kc2 Qxc4 19. Nc1 Ne7 20. Nb3 Nd5
21. Kb2 Qxc3+ 22. Ka3 Qb4+ 23. Kb2 Nc3 24. a3 Na4+ 25. Ka2 Qc3 26. Rc1 Qd3 27.
h3 Qe2+ 28. Kb1 Qb2# 0-1

[Event "Let's Play Chess!"]
[Site "http://www.queenalice.com/game.php?id=382640"]
[Date "2008.4.5"]
[Round "-"]
[White "pnasc"]
[Black "Strogenstein"]
[Result "1-0"]
[WhiteElo "1849"]
[BlackElo "1833"]

1. e4 e5 2. Nf3 Nc6 3. Bc4 Nf6 4. Ng5 d5 5. exd5 Nxd5 6. Nxf7 Kxf7 7. Qf3+ Ke6
8. Nc3 Nd4 9. Bxd5+ Ke7 10. Qe4 Qd6 11. d3 Nxc2+ 12. Kd1 Nxa1 13. Bg5+ Ke8 14.
Nb5 Qc5 15. Qxe5+ Be7 16. Nxc7+ Kf8 17. Qf4+ 1-0

[Event "Let's Play Chess!"]
[Site "http://www.queenalice.com/game.php?id=382711"]
[Date "2008.4.5"]
[Round "-"]
[White "Slazenger"]
[Black "Strogenstein"]
[Result "0-1"]
[WhiteElo "1633"]
[BlackElo "1825"]

1. e4 e5 2. Nf3 Nc6 3. c3 d5 4. d3 dxe4 5. dxe4 Qxd1+ 6. Kxd1 Nf6 7. Bd3 Bg4 8.
Nd2 O-O-O 9. h3 Bxf3+ 10. Nxf3 Rxd3+ 11. Bd2 Nxe4 12. Re1 Nxd2 13. Nxd2 Bc5 14.
b4 Bxf2 15. Re2 Be3 16. Rc1 Rhd8 17. Rc2 Ne7 18. Kc1 Nf5 19. g4 Ng3 20. Rg2 Ne4
0-1

[Event "frio chegando nos pampas"]
[Site "http://www.queenalice.com/game.php?id=383145"]
[Date "2008.4.6"]
[Round "-"]
[White "rogervolei"]
[Black "Strogenstein"]
[Result "0-1"]
[WhiteElo "1821"]
[BlackElo "1768"]

1. a3 d5 2. h3 e5 3. e3 Nf6 4. b3 Nc6 5. g4 Bc5 6. Bb2 Be6 7. Bb5 Qd6 8. b4 a6
9. Bxc6+ bxc6 10. bxc5 Qxc5 11. Bxe5 h6 12. Bxc7 O-O 13. Ne2 Rfc8 14. Be5 Nd7
15. Bd4 Qd6 16. Nf4 c5 17. Bb2 Qc6 18. Qf3 Qb5 19. Bc1 g5 20. Nxd5 Kf8 21. Bb2
Qxb2 22. O-O Qxa1 23. Qe4 Bxd5 24. Qxd5 Nf6 25. Qc4 Qe5 26. Nc3 Rd8 27. f4 gxf4
28. Rxf4 Rxd2 29. Ne4 Qa1+ 30. Rf1 Rd1 31. Qxc5+ Kg7 32. Qc4 Rxf1+ 33. Qxf1
Qxf1+ 0-1

[Event "Brazuka nervoso !!!"]
[Site "http://www.queenalice.com/game.php?id=383280"]
[Date "2008.4.6"]
[Round "-"]
[White "Strogenstein"]
[Black "spawnwolfwolverine"]
[Result "1/2-1/2"]
[WhiteElo "1833"]
[BlackElo "1627"]

1. d4 d5 2. c4 dxc4 3. e4 e6 4. Bxc4 b6 5. Nf3 Bb4+ 6. Bd2 Bxd2+ 7. Nbxd2 Ne7 8.
O-O O-O 9. Nb3 Ba6 10. Bxa6 Nxa6 11. Ne5 c5 12. Qg4 Ng6 13. Nxg6 hxg6 14. dxc5
Nxc5 15. Nxc5 bxc5 16. Rfd1 Qf6 17. b3 a5 18. Rac1 Rac8 19. h3 g5 20. Rd6 g6 21.
Rcd1 c4 22. bxc4 Rxc4 23. Ra6 a4 24. Qe2 Rfc8 25. Rd2 Qe5 26. f3 Kg7 27. Kf2 f5
28. Rd7+ Kf6 29. Rd5 Qc3 30. Rad6 fxe4 31. fxe4 Qc2 32. Qxc2 Rxc2+ 33. Rd2 Rxd2+
34. Rxd2 Ke5 35. Ke3 Rc3+ 36. Rd3 Rc2 37. Rd2 Rxd2 38. Kxd2 Kxe4 39. a3 e5 40.
Ke2 Kf4 41. Kf2 e4 42. g3+ Kf5 43. Ke3 g4 44. h4 Ke5 45. Ke2 Kf5 1/2-1/2

[Event "Brazuka nervoso !!"]
[Site "http://www.queenalice.com/game.php?id=383281"]
[Date "2008.4.6"]
[Round "-"]
[White "spawnwolfwolverine"]
[Black "Strogenstein"]
[Result "0-1"]
[WhiteElo "1621"]
[BlackElo "1825"]

1. g3 d5 2. d4 Nc6 3. e3 e5 4. dxe5 Nxe5 5. Bg2 Nf6 6. Nf3 Nc6 7. O-O Bc5 8. b3
Ne7 9. Bb2 Ng6 10. Nbd2 O-O 11. Bxf6 Qxf6 12. c4 Bg4 13. h3 dxc4 14. hxg4 cxb3
15. Nxb3 Bb6 16. g5 Qf5 17. Nbd4 Qc5 18. Rc1 Qa5 19. a4 Rfd8 20. Qb3 Rab8 21.
Ne5 Nxe5 22. f4 Ng6 23. f5 Bxd4 24. exd4 Nf8 25. d5 Qb6+ 26. Qxb6 axb6 27. g4
Rd7 28. f6 Ra8 29. Rc4 Ra5 30. Rd1 Ne6 31. fxg7 Nxg5 32. d6 c6 33. Kh2 Kxg7 34.
Kg3 Ne6 35. Bh3 b5 36. axb5 Rxb5 37. g5 Kg6 38. Kh4 Rxg5 39. Bxe6 fxe6 40. Ra4
Rd5 41. Rxd5 exd5 42. Rg4+ Kf5 43. Rg5+ Ke4 44. Rg4+ Kd3 45. Ra4 Rxd6 46. Ra3+
Ke4 47. Ra4+ d4 48. Kh5 Ke3 49. Rxd4 Kxd4 50. Kg5 Ke4 51. Kh5 Kf4 52. Kh4 Rh6#
0-1

[Event "Brazuka irado !!!"]
[Site "http://www.queenalice.com/game.php?id=383489"]
[Date "2008.4.7"]
[Round "-"]
[White "Strogenstein"]
[Black "kingshess"]
[Result "1-0"]
[WhiteElo "1833"]
[BlackElo "1679"]

1. e4 d5 2. exd5 Qxd5 3. Nc3 Qa5 4. d4 Nf6 5. Bd2 Qb6 6. Nf3 Bg4 7. Be2 c6 8.
Na4 Qc7 9. h3 Bh5 10. O-O e6 11. Ne5 Bg6 12. Nxg6 hxg6 13. a3 Ne4 14. Be3 Bd6
15. Bd3 Nf6 16. Qf3 Nbd7 17. Rfe1 O-O-O 18. Bg5 Rh5 19. Bd2 Rdh8 20. Nc3 1-0

[Event "Brazuka irado !!!"]
[Site "http://www.queenalice.com/game.php?id=383490"]
[Date "2008.4.7"]
[Round "-"]
[White "SRIVERO"]
[Black "Strogenstein"]
[Result "1-0"]
[WhiteElo "1749"]
[BlackElo "1853"]

1. d4 d5 2. c4 e6 3. Nc3 a6 4. Nf3 dxc4 5. e3 b5 6. a4 b4 7. Ne4 Qd5 8. Ned2 a5
9. Bxc4 Qh5 10. b3 Ba6 11. Ne4 Nf6 12. Ng3 Qg6 13. Ne5 Qh6 14. Qf3 Bxc4 15. Nxc4
Nd5 16. Ne5 Qf6 17. O-O Bd6 18. Bb2 Bxe5 19. dxe5 Qxf3 20. gxf3 c5 21. Ne4 Nd7
22. Nd6+ Ke7 23. Kh1 f6 24. Nc4 fxe5 25. Nxe5 Nxe5 26. Bxe5 Rhg8 27. Rg1 g6 28.
h4 Raf8 29. f4 Rf5 30. Rac1 Rc8 31. e4 Rxe5 32. fxe5 Nc3 33. Rg4 Rd8 34. h5 Rg8
35. hxg6 Rxg6 36. Rxg6 hxg6 37. f3 Ne2 38. Rxc5 Nd4 39. Rxa5 Nxb3 40. Rb5 Nd4
41. Rxb4 Nxf3 42. a5 Nxe5 43. a6 Nc6 44. Rb7+ Kf6 45. a7 Nxa7 46. Rxa7 Ke5 47.
Ra4 Kf4 48. Kg2 g5 49. Kf2 g4 50. e5+ Kxe5 51. Rxg4 1-0

[Event "Challenge"]
[Site "http://www.queenalice.com/game.php?id=384981"]
[Date "2008.4.10"]
[Round "-"]
[White "Strogenstein"]
[Black "kudd"]
[Result "0-1"]
[WhiteElo "1794"]
[BlackElo "1533"]

1. e4 e5 2. Nf3 Nc6 3. d4 Nf6 4. d5 Nb4 5. a3 Na6 6. Bxa6 bxa6 7. Nc3 Bc5 8. O-O
a5 9. Nxe5 Qe7 10. Qh5 Nxh5 11. Nf3 d6 12. Bg5 f6 13. Be3 Bxe3 14. fxe3 Ba6 15.
Nd4 O-O 16. Nc6 Qf7 17. Rf2 a4 18. Nxa4 Bb5 19. Nc3 Bxc6 20. dxc6 Qe8 21. Nd5
Qd8 22. Nf4 Qe8 23. Nd5 Qxe4 0-1

[Event "Save the queen!"]
[Site "http://www.queenalice.com/game.php?id=388916"]
[Date "2008.4.16"]
[Round "-"]
[White "Strogenstein"]
[Black "kudd"]
[Result "0-1"]
[WhiteElo "1756"]
[BlackElo "1564"]

1. e4 e5 2. Nf3 Nc6 3. d4 exd4 4. Nxd4 Ne5 5. Bf4 Qf6 6. Bd3 Qxf4 7. O-O d5 8.
Ne2 Qh6 9. exd5 Qg5 10. c4 Bg4 11. f4 Nf3+ 12. Kh1 Qh4 13. gxf3 Bh3 14. Rg1 Qf2
15. Ng3 Qxb2 16. Nd2 Bc5 17. Re1+ Ne7 18. Qc2 Qf6 19. Nge4 Qg6 20. Ng3 Qh6 21.
Qa4+ Kd8 22. Nde4 Bd4 23. Rab1 Qxf4 24. Be2 b6 25. Red1 Bc5 26. Nxc5 bxc5 27.
Rb7 Qe3 28. d6 Bd7 29. dxe7+ Qxe7 30. Rxd7+ Qxd7 31. Qa3 Qc6 32. Rb3 h5 33. Rd3+
Ke8 34. Ne4 h4 35. Nxc5 h3 36. Re3+ Kf8 37. Ne6+ Kg8 38. Ng5 Qg6 39. f4 Qb1+ 0-1

[Event "Challenge"]
[Site "http://www.queenalice.com/game.php?id=390631"]
[Date "2008.4.20"]
[Round "-"]
[White "THEJEGUE"]
[Black "Strogenstein"]
[Result "1-0"]
[WhiteElo "1215"]
[BlackElo "1786"]

1. e4 e5 2. Nf3 Nc6 3. h3 d5 4. exd5 Qxd5 5. Nc3 Qd8 6. Bb5 Bd6 7. Ne4 Bd7 8. a4
a6 9. Bc4 Bf5 10. Bd5 Qd7 11. c4 Nge7 12. Nfg5 O-O 13. Qh5 Nxd5 14. cxd5 Nd4 15.
O-O h6 16. Nf3 Bxe4 17. Nxe5 Qf5 18. Qxf5 1-0